| 000 | 00410nam a2200157Ia 4500 | ||
|---|---|---|---|
| 008 | 210719s1974 xx 000 0 und d | ||
| 041 | _aeng | ||
| 082 | _a629.4 ORDD | ||
| 100 | _aORDWAY III (Frederick I) & others | ||
| 245 | _aDividends from space. | ||
| 260 |
_aND _bTata McGraw-Hill Publishing Company Ltd. _c1974 |
||
| 300 |
_axi,309 _bHB |
||
| 365 |
_b15 _cRs |
||
| 650 | _aAstronomy | ||
| 906 | _aSpace | ||
| 999 |
_c212917 _d212917 |
||